Enjoying everyday English (Record no. 174660)

MARC details
000 -LEADER
fixed length control field 00502nam a2200181Ia 4500
008 - FIXED-LENGTH DATA ELEMENTS--GENERAL INFORMATION
fixed length control field 191130s2009##################000#0#eng##
020 ## - INTERNATIONAL STANDARD BOOK NUMBER
ISBN 9788173703096
082 ## - DEWEY DECIMAL CLASSIFICATION NUMBER
Classification number 420.9 RAM
100 ## - MAIN ENTRY--AUTHOR NAME
Personal name Rama Krishna Rao, A
245 ## - TITLE STATEMENT
Title Enjoying everyday English
Statement of responsibility, etc A. Rama Krishna Rao
260 ## - PUBLICATION, DISTRIBUTION, ETC. (IMPRINT)
Place of publication Hyderabad
Name of publisher Sangam Books
Year of publication 2009
300 ## - PHYSICAL DESCRIPTION
Number of Pages 166 p. : ill. ; 25 cm
650 ## - SUBJECT ADDED ENTRY--TOPICAL TERM
Topical Term English language
991 ## -
-- 422810
Holdings
Withdrawn status Lost status Damaged status Not for loan Home library Current library Shelving location Date acquired Full call number Accession Number Price effective from Koha item type
        Anna Centenary Library Anna Centenary Library 4TH FLOOR, B WING 13.10.2020 420.9 RAM 450206 13.10.2020 English Books

Find us on the map